Stevie Ray Vaughan Quiz - Statistics

General Stats
  • This quiz has been taken 21 times
  • The average score is 8 of 15
Answer Stats
a Hint Answer % Correct
a Writer of 'Little Wing' and 'Voodoo Child' Jimi Hendrix
82%
a Stevie's brother Jimmie Vaughan
82%
b "Well you've heard about love givin' sight to the blind // My baby's lovin' cause the sun to shine" Pride And Joy
82%
a Fellow blues guitarist he recorded the live album 'In Session' with Albert King
76%
a Stevie's band Double Trouble
76%
b "Day by day, night after night // Blinded by the neon light" Crossfire
59%
a The city Stevie is from Dallas
59%
b "Comin' through this business of life // There's rarely time if I'm needed too" Couldn't Stand The Weather
47%
a Which David Bowie album did Stevie player guitar on? Let's Dance
47%
b "Hello there, my old friend // Not so long ago it was 'til the end" Life By The Drop
47%
a Main drummer Chris Layton
35%
a Stevie's last show was an opening act for whom? Eric Clapton
35%
a Main bassist Tommy Shannon
24%
a Main keyboardist Reese Wynans
18%
a Which James Brown hit did Stevie play guitar on? Living in America
6%
No matching quizzes found
Score Distribution
Percent of People with Each Score
Percentile by Number Answered
Your Score History
You have not taken this quiz